| 000 | 01028cam a22001814a 4500 | ||
|---|---|---|---|
| 005 | 20250605164221.0 | ||
| 008 | 250528s ||||||||||||||||||||||||d | ||
| 035 | _a20664 | ||
| 040 |
_aGR-AtMCL _bgre _dGR-AtMCL _eAACR2 |
||
| 245 | 1 | _aΣτοιχεία Μηχανών Ι / Υπουργείο Ενικής Παιδείας και Θρησκευμάτων - Τεχνολογικό Εκπαιδευτικό Ίδρυμα Αθήνας - Σχολή Τεχνολογικών Εφαρμογών | |
| 260 |
_bΟργανισμός Εκδόσεων Διδακτικών Βιβλίων, _c1999 |
||
| 300 | _a330 | ||
| 520 | _aΓενικές Αρχές, Τυποποίηση - Συναρμογές, Υπολογισμός σε Αντοχή, Συγκολλήσεις, Ηλώσεις, Κοχλίες, Ελατήρια, Άξονες - Άτρακτοι - Στρόφεις, Σφήνες - Πολύσφηνα, Σύνδεσμοι, Έδρανα. | ||
| 700 | 1 |
_aΣτεργίου Ιωαν _96628 |
|
| 942 | _cBK | ||
| 999 |
_c5750 _d5750 |
||